Bees dance and whales sing : (Record no. 8522)

MARC details
000 -LEADER
fixed length control field 01281pam a2200373 a 4500
001 - CONTROL NUMBER
control field 8522
003 - CONTROL NUMBER IDENTIFIER
control field FISKH
005 - DATE AND TIME OF LATEST TRANSACTION
control field 20250917121514.0
008 - FIXED-LENGTH DATA ELEMENTS--GENERAL INFORMATION
fixed length control field 911021s1992 caua j 001 0 eng
010 ## - LIBRARY OF CONGRESS CONTROL NUMBER
LC control number 91040556
020 ## - INTERNATIONAL STANDARD BOOK NUMBER
International Standard Book Number 0871565730 :
Terms of availability $14.95
020 ## - INTERNATIONAL STANDARD BOOK NUMBER
International Standard Book Number 9780871565730
020 ## - INTERNATIONAL STANDARD BOOK NUMBER
International Standard Book Number 9781578050765
035 ## - SYSTEM CONTROL NUMBER
System control number 3434317
040 ## - CATALOGING SOURCE
Original cataloging agency DLC
Transcribing agency DLC
Modifying agency DLC
Language of cataloging eng
050 00 - LIBRARY OF CONGRESS CALL NUMBER
Classification number QL776
Item number .F33 1992
082 00 - DEWEY DECIMAL CLASSIFICATION NUMBER
Classification number 591.59
Edition number 20
100 1# - MAIN ENTRY--PERSONAL NAME
Personal name Facklam, Margery.
245 10 - TITLE STATEMENT
Title Bees dance and whales sing :
Remainder of title the mysteries of animal communication /
Statement of responsibility, etc. by Margery Facklam ; illustrations by Pamela Johnson.
260 ## - PUBLICATION, DISTRIBUTION, ETC.
Place of publication, distribution, etc. San Francisco :
Name of publisher, distributor, etc. Sierra Club Books for Children,
Date of publication, distribution, etc. 1992.
300 ## - PHYSICAL DESCRIPTION
Extent 48 pages :
Other physical details color illustrations ;
Dimensions 23 cm
336 ## - CONTENT TYPE
Content type term text
Content type code txt
Source rdacontent
337 ## - MEDIA TYPE
Media type term unmediated
Media type code n
Source rdamedia
338 ## - CARRIER TYPE
Carrier type term volume
Carrier type code nc
Source rdacarrier
500 ## - GENERAL NOTE
General note "A Lucas/Evans book"--T.p. verso.
500 ## - GENERAL NOTE
General note Includes index.
520 ## - SUMMARY, ETC.
Summary, etc. Explores the mysteries of how and why animals send messages to one another and to humans.
650 #0 - SUBJECT ADDED ENTRY--TOPICAL TERM
Topical term or geographic name entry element Animal communication
General subdivision Juvenile literature.
650 #1 - SUBJECT ADDED ENTRY--TOPICAL TERM
Topical term or geographic name entry element Animal communication.
700 1# - ADDED ENTRY--PERSONAL NAME
Personal name Johnson, Pamela,
Dates associated with a name 1949-
Relator term illustrator
906 ## - LOCAL DATA ELEMENT F, LDF (RLIN)
a 7
b cbc
c orignew
d 1
e ocip
f 19
g y-gencatlg
942 ## - ADDED ENTRY ELEMENTS (KOHA)
Source of classification or shelving scheme Dewey Decimal Classification
Koha item type Books
Suppress in OPAC No
Holdings
Withdrawn status Lost status Source of classification or shelving scheme Damaged status Not for loan Collection Home library Current library Shelving location Date acquired Total Checkouts Full call number Barcode Date last seen Copy number Price effective from Koha item type
    Dewey Decimal Classification     Non-Fiction Footprints International School Library Network Toul Tom Poung Campus Footprints International School Library Network Toul Tom Poung Campus TTP Secondary Non-Fiction Bookshelves 09/17/2025   FAC 591.59 QL776 .F33 FIS01412 09/17/2025 1 09/17/2025 Books